Good Governance, Telaah dari Dimensi: Akuntabilitas dan Kontrol Birokrasi pada Era Desentralisasi dan Otonomi Daerah (Record no. 12686)

000 -LEADER
fixed length control field 00500nam a2200145Ia 4500
020 ## - INTERNATIONAL STANDARD BOOK NUMBER
ISBN 979-9408-24-5
084 ## - OTHER CLASSIFICATION OF CALL NUMBER
Call Number (Nomor Katalog) 10121 WID Gov Bo.3b
100 ## - MAIN ENTRY--AUTHOR NAME
Personal name (Pengarang) Joko Widodo
245 #0 - TITLE STATEMENT
Sub Title (Anak Judul) Good Governance, Telaah dari Dimensi: Akuntabilitas dan Kontrol Birokrasi pada Era Desentralisasi dan Otonomi Daerah
260 ## - PUBLICATION, DISTRIBUTION, ETC. (IMPRINT)
Place of publication (Tempat Terbit/Kota) Surabaya
Name of publisher (Nama Penerbit) Insan Cendekia
Year of publication (Tahun Terbit) 2001
300 ## - PHYSICAL DESCRIPTION
Number of Pages (Jumlah Halaman) vi + 323 halaman
650 ## - SUBJECT ADDED ENTRY--TOPICAL TERM
Topical Term (Topik 1) Government (Pemerintahan)
Relator term (Topik 2) G-O-V
Chronological subdivision (Topik 5) Good Governance
942 ## - ADDED ENTRY ELEMENTS (KOHA)
Koha item type Books (Buku)
Holdings
Withdrawn status Lost status Damaged status Not for loan Permanent Location (Lokasi Permanen) Current Location (Lokasi Sekarang) Shelving location (Lokasi Rak) Date acquired Cost, normal purchase price (Harga Buku) Full call number (Nomor Katalog) Barcode Price effective from Koha item type (Jenis Koleksi)
        PIN Library PIN Library Bookshelf 03/26/2022 10.00 10121 WID Gov Bo.3b 1012102 03/26/2022 Books (Buku)